000 00748nam a22001937a 4500
999 _c165666
_d165666
005 20230714125247.0
010 _aUR-10248
020 _a9789387829688
_c400.00
035 _aU-8803
037 _bDBAD/PUB
082 _a841
100 _aمر تبہ :منتظر مہد ی
245 _aعبا س ر ضا نير کی شا عر ی کے ا بعا د و جہا ت /
_cمر تبہ :منتظر مہد ی
246 _bAbbas Raza Nayyar Ki Shairike Abaad-o-Jihaat(Urdu) /
_aed.by Muntazir Mehdi
260 _aDelhi
_bEducational Publishing House
_c2018 ء
270 _a3191،Vakil Street,Kucha Pandit,Lal Kuan,
_bDelhi
_e110006
_k23216162
_l00911123211540
300 _a405 ص
_c22cm(Hb)
942 _2ddc
_cUR
_h841
_mم ہ د